Statistics for Spider-Man Franchise

Click here to take the quiz!

General Stats

  • This quiz has been taken 47 times
  • The average score is 38 of 108

Answer Stats

TypeYearNameInfo% Correct
Video Game2018Marvel's Spider-ManSony
100%
TV Show2017-PresentMarvel's Spider-ManDisney XD
100%
TV Show1967-1970Spider-ManABC
100%
Video Game1995Spider-ManAcclaim Entertainment
100%
Film2002Spider-ManSony
100%
Video Game2002Spider-ManActivision
100%
TV Show1994-1998Spider-ManFox Kids Network
100%
Short Film1969Spider-Man(Fan Film)
100%
Video Game1982Spider-ManPark Brothers
100%
TV Show1981-1982Spider-ManSyndication
100%
Video Game2000Spider-ManActivision
100%
Film1978Spider-ManToei Co., Ltd.
100%
Film1977Spider-ManColumbia
100%
Film2019Spider-Man: Far From HomeSony
100%
Film2017Spider-Man: HomecomingSony
100%
Video Game1991Spider-Man: The Video GameSega
100%
Video Game2012The Amazing Spider-ManActivision
100%
Video Game1992The Amazing Spider-ManAcclaim Entertainment
100%
Film2012The Amazing Spider-ManSony
100%
Video Game1990The Amazing Spider-ManParagon Software
100%
Video Game1990The Amazing Spider-ManLJN / Nintendo
100%
TV Show1977-1979The Amazing Spider-ManCBS
100%
Comic Strip1977-2019The Amazing Spider-ManSyndication
100%
Video Game2014The Amazing Spider-Man 2Activision
100%
Film2014The Amazing Spider-Man 2Sony
100%
Comic Strip2015-PresentThe Amazing Spider-Man: The Ultimate Newspaper Comics CollectionThe Library of American Comics
100%
Video Game2004Spider-Man 2Activision
96%
Film2004Spider-Man 2Sony
96%
Video Game2007Spider-Man 3Activision
96%
Film2007Spider-Man 3Sony
96%
Video Game1993Spider-Man 3: Invasion of the Spider-SlayersAcclaim Entertainment
96%
Film2018Spider-Man: Into the Spider-VerseSony
77%
Film2018VenomSony
73%
TV Show2012-2017Ultimate Spider-ManDisney XD
58%
Book1994The Ultimate Spider-ManStan Lee
54%
Video Game2005Ultimate Spider-ManActivision
54%
TV Show2008-2009The Spectacular Spider-ManThe CW / Disney XD
46%
TV Show2021Spider-Man and His Amazing FriendsDisney Junior
38%
TV Show1981-1983Spider-Man and His Amazing FriendsNBC
38%
Film2020Venom 2Sony
35%
Video Game2001Spider-Man 2: The Sinister SixActivision
23%
Video Game2008Spider-Man: Web of ShadowsActivision
23%
Musical2010-2014Spider-Man: Turn Off the DarkBono / The Edge
19%
Video Game2010Spider-Man: Shattered DimensionsActivision
15%
Video Game2014Spider-Man UnlimitedGameloft
15%
TV Show1999-2001Spider-Man UnlimitedFox Kids
15%
TV Show1974-1977Spidey Super StoriesPBS
15%
Theme Park Attraction1999-PresentThe Amazing Adventures of Spider-ManUniversal's Islands of Adventure / Universal Studios Japan
15%
Video Game2001Spider-Man 2: Enter ElectroActivision
12%
Video Game2011Spider-Man: Edge of TimeActivision
12%
TV Show2003Spider-Man: The New Animated SeriesMTV
12%
TV Show1979-1980Spider-WomanABC
12%
Video Game2007Spider-Man: Friend or FoeActivision
8%
Film1981Spider-Man: The Dragon's ChallengeColumbia
8%
Short Film2019Spider-Ham: Caught in a HamColumbia / Sony
4%
TV Show1978-1979Spider-ManTokyo Channel 12
4%
Video Game2001Spider-Man: Mysterio's MenaceActivision
4%
Comic Strip2008Mr. and Mrs. Spider-ManThe Amazing Spider-Man Family
0%
Video Game1984QuestprobeAdventure International
0%
Novel1997Spider-Man and the Incredible Hulk: Doom's Day Book 2: SabotagePierce Askegren / Danny Fingeroth
0%
Novel1997Spider-Man and the Incredible Hulk: Doom's Day Book 3: WreckageEric Fein / Pierce Askegren
0%
Novel1996Spider-Man and the Incredible Hulk: Doom's Day Book One: RampageDanny Fingeroth / Eric Fein
0%
Video Game1992Spider-Man and the X-Men in Arcade's RevengeAcclaim Entertainment / LJN / Flying Edge
0%
Video Game1994Spider-Man and Venom: Maximum ChargeAcclaim Entertainment
0%
Video Game2006Spider-Man: Battle for New YorkActivision
0%
Novel1995Spider-Man: Carnage in New YorkDavid Michelinie / Dean Wesley Smith
0%
Novel1997Spider-Man: Deadly CureBill McCay
0%
Novel2005Spider-Man: Down These Mean StreetsKeith R.A. DeCandido
0%
Novel2007Spider-Man: Drowned in ThunderChristopher L. Bennett
0%
Novel2000Spider-Man: Emerald MysteryDean Wesley Smith
0%
Novel2004Spider-Man: Enter Doctor OctopusLouise A. Gikow
0%
Novel2017Spider-Man: Forever YoungStefan Petchura
0%
Novel1997Spider-Man: Global WarMartin Delrio
0%
Novel1999Spider-Man: Goblin MoonKurt Busiek / Nathan Archer
0%
Novel1996Spider-Man: Goblin's RevengeDean Wesley Smith
0%
Play2002-2003Spider-Man Live! - A Stunt SpectacularKevin Shinick
0%
Novel1997Spider-Man: Lizard's RageNeal Barrett, Jr.
0%
Novel1978Spider-Man: Mayhem in ManhattanLen Wein / Marv Wolfman
0%
Novel1996Spider-Man: Midnight JusticeMartin Delrio
0%
Novel2008Spider-Man: RequiemJeff Mariotte
0%
Video Game1992Spider-Man: Return of the Sinister SixLJN / Flying Edge
0%
Novel2000Spider-Man: Revenge of the Sinister SixAdam-Troy Castro
0%
Film1978Spider-Man Stirkes BackColumbia
0%
Publicity Stunt1987Spider-Man's WeddingShea Stadium
0%
Novel2006Spider-Man: The Darkest HoursJim Butcher
0%
Novel1999Spider-Man: The Gathering of the Sinister SixAdam-Troy Castro
0%
Novel1995Spider-Man: The Lizard SanctionDiane Duane
0%
Novel1996Spider-Man: The Octopus AgendaDiane Duane
0%
Novel2002Spider-Man: The Secret of the Sinister SixAdam-Troy Castro
0%
Novel1997Spider-Man: The Venom FactorDiane Duane
0%
Novel1998Spider-Man: Time's Arrow Book 1: The PastTom DeFalco / Jason Henderson
0%
Novel1998Spider-Man: Time's Arrow Book 2: The PresentTom DeFalco / Adam-Troy Castro
0%
Novel1998Spider-Man: Time's Arrow Book 3: The FutureTom DeFalco / Eluki Bes Shahar
0%
Video Game2009Spider-Man: Toxic CityGameloft
0%
Novel1998Spider-Man: Valley of the LizzardJohn Vornholt
0%
Novel1999Spider-Man: Venom's WrathR.A. DeCandido / Jose R. Nieto
0%
Video Game1991Spider-Man vs. The KingpinSega
0%
Novel1998Spider-Man: Wanted: Dead or AliveCraig Shaw Gardner
0%
Novel1997Spider-Man: Warrior's RevengeNeal Barrett, Jr.
0%
Video Game1989The Amazing Spider-Man and Captain America in Dr. Doom's Revenge!Empire Software / Medalist International / Paragon Software Corporation
0%
Novel1979The Amazing Spider-Man: Crime CampaignPaul Kupperberg
0%
Video Game1996The Amazing Spider-Man: Web of FireSega
0%
Film1992The Green Goblin's Last StandAlpha Dog Productions
0%
Novel1979The Hulk and Spider-Man: MurdermoonPaul Kupperberg
0%
Video Game1991The Punisher: The Ultimate Payback!Acclaim Entertainment
0%
Video Game2010Ultimate Spider-Man: Total MayhemGameloft
0%
Book1997Untold Tales of Spider-ManKurt Busiek
0%
Video Game1995Venom/Spider-Man: Separation AnxietyAcclaim Entertainment
0%

Score Distribution

Percentile by Number Answered

Percent of People with Each Score

Your Score History

You have not taken this quiz